| 000 | 00443pab a2200157 454500 | ||
|---|---|---|---|
| 008 | 180718b2004 xxu||||| |||| 00| 0 eng d | ||
| 100 | _aSen, Tapas K. | ||
| 245 | _aUse of socio-economic criteria for intergovernmental transfers | ||
| 260 | _c2004 | ||
| 300 | _ap.2748-755. | ||
| 362 | _a26 Jun | ||
| 650 | _aIntergovernmental fiscal relations | ||
| 700 | _aTrebesch, Christoph | ||
| 773 | _aEconomic and Political Weekly | ||
| 909 | _a61304 | ||
| 999 |
_c61304 _d61304 |
||